000 00412nam a2200181Ia 4500
005 20250425161702.0
008 250425s9999 xx 000 0 und d
041 _aspa
082 _a621.942
100 _aSACHSE, PETER
245 0 _aTORNOS AUTOMATICOS Y SEMIAUTOMATICOS
250 _a1A ED.
260 _aBARCELONA
260 _aEspaƱa
_bLABO
_c1956
300 _a326
942 _c01
010 _a25836
999 _c214058
_d214058